000 00549nam a2200193 a 4500
001 14202
003 CO-ViMGA
008 141112s2004 ck r 000 u spa d
020 _a9586481662
040 _aCO-ViMGA
_bspa
_cCO-ViMGA
082 0 4 _a949.7 A657c
100 1 _aAponte P, Jairo A.
_920768
245 1 0 _aLos conflictos etnicos
260 _aSantafé de Bogotá :
_bEcoe,
_c1998
300 _a154
590 _aForma de adquisición : donación - - Precio :
_10.000
650 1 4 _aYUGOESLAVIA - HISTORIA - SIGLO XIX
_920769
942 _2ddc
_cBK
999 _c24901
_d24901